书目信息 |
| 题名: |
陨星之光
|
|
| 作者: | 吕荣斌 著 | |
| 分册: | ||
| 出版信息: | 济南 济南出版社 2006.11 |
|
| 页数: | 241页 | |
| 开本: | 21cm | |
| 丛书名: | ||
| 单 册: | ||
| 中图分类: | K827.6 | |
| 科图分类: | ||
| 主题词: | ||
| 电子资源: | ||
| ISBN: | 7-80629-308-6 | |
| 000 | 00795nam0 2200253 450 | |
| 001 | 012008554641 | |
| 005 | 20080314165746.40 | |
| 010 | @a7-80629-308-6@dCNY38.00 | |
| 100 | @a20080314d2006 km y0chiy0120 ea | |
| 101 | 0 | @achi |
| 102 | @aCN@b370000 | |
| 105 | @ay z 000yd | |
| 106 | @ar | |
| 200 | 1 | @a陨星之光@Ayun xing zhi guang@e王尽美生平·家事@f吕荣斌著@Flu rong bin zhu |
| 205 | @a第2版 | |
| 210 | @a济南@c济南出版社@d2006.11 | |
| 215 | @a241页@d21cm | |
| 330 | @a本书比较详细全面地记述了王尽同志战斗的一生,内容甚为丰富,层次比较清晰,文笔流畅。 | |
| 517 | 1 | @a王尽美生平·家事@Awang jin mei sheng ping·jia shi |
| 600 | 0 | @a王尽美@x生平事迹 |
| 690 | @aK827.6@v4 | |
| 701 | 0 | @a吕荣斌@Alu rong bin@4著 |
| 801 | 0 | @aCN@bQSSK@c20080314 |
| 905 | @b20282743-45@dK827.6@eW234=2@f3 | |
| 陨星之光:王尽美生平·家事/吕荣斌著.-第2版.-济南:济南出版社,2006.11 |
| 241页;21cm |
| ISBN 7-80629-308-6:CNY38.00 |
| 本书比较详细全面地记述了王尽同志战斗的一生,内容甚为丰富,层次比较清晰,文笔流畅。 |
| ● |
| 相关链接 |
|
|
|
正题名:陨星之光
索取号:K827.6/W234=2
 
预约/预借
| 序号 | 登录号 | 条形码 | 馆藏地/架位号 | 状态 | 备注 |
| 1 | 282743 | 202827432 | 社科库309/309社科库 59排5列2层/ [索取号:K827.6/W234=2] | 在馆 | |
| 2 | 282744 | 202827441 | 社科库309/309社科库 59排5列2层/ [索取号:K827.6/W234=2] | 在馆 | |
| 3 | 282745 | 202827450 | 社科库309/309社科库 59排5列2层/ [索取号:K827.6/W234=2] | 在馆 |